| 000 | 00716nam a2200241 i 4500 | ||
|---|---|---|---|
| 001 | bg | ||
| 100 | 1 | _aKACZYŃSKI, Roman | |
| 245 | 1 | 0 |
_aGeometria wykreślna : _bćwiczenia projektowe / _cRoman Kaczyński, Eugeniusz Sajewicz. |
| 260 |
_aBiałystok : _bWydawnictwa PB, _c1994. |
||
| 300 |
_a128 s. : _brys. ; _c30 cm. |
||
| 490 | 1 | _aSkrypty / Politechnika Białostocka | |
| 650 | 9 | _aGeometria wykreślna | |
| 655 | _aĆwiczenia i zadania | ||
| 700 | 1 | _aSAJEWICZ, Eugeniusz | |
| 830 | 0 | _aSkrypty (Politechnika Białostocka) | |
| 020 | _a8386272074 | ||
| 040 | _cBPK | ||
| 041 | 0 | _apl | |
| 080 | _a514.18(075.8)(076) | ||
| 920 | _a83-86272-07-4 | ||
| 942 | _cKS | ||
| 008 | s pl f |000 0 pol | ||
| 999 |
_c6755 _d6755 |
||
| 856 |
_uhttp://koha.tu.koszalin.pl/cgi-bin/koha/opac-detail.pl?biblionumber=6755 _yKatalog online BPK |
||